| 000 | 00000nam##2200000za#4500 |
| 001 | 9.601363 |
| 003 | CaOODSP |
| 005 | 20210624210034 |
| 007 | cr ||||||||||| |
| 008 | 150406|2006||||xxc|||||o f|0| 0 fre|d |
| 022 | |a1919-5117 |
| 040 | |aCaOODSP|bfre |
| 043 | |an-cn--- |
| 086 | 1 |aFs70-6/2006-053F-PDF |
| 110 | 1 |aCanada. |bMinistère des pêches et des océans. |bRégion du golfe. |
| 245 | 10|aÉvaluation du potentiel de rétablissement des populations de bar rayé (Morone saxatilis) de l'estuaire du Saint Laurent, du sud du golfe du Saint-Laurent et de la baie de Fundy |h[ressource électronique] |
| 246 | 17|aRégion du Golfe : évaluation du potentiel de rétablissement des populations de bar rayé |
| 260 | |aDartmouth - Nouvelle-Écosse : |bPêches et Océans Canada. |cMai 2007. |
| 300 | |a23p.|bgraphique, ill., carte, références, tableaux |
| 490 | 1 |aSecrétariat canadien de consultation scientifique, avis scientifique |x1919-5117|v2006/053, Région du Golfe |
| 590 | |a11-15-Supp|b2011-08-22 |
| 775 | 08|tRecovery potential assessment for the St. Lawrence Estuary, southern Gulf of St. Lawrence and Bay of Fundy striped bass (Morone saxatilis) populations |w(CaOODSP)9.570715 |
| 830 | #0|aAvis scientifique (Secrétariat canadien de consultation scientifique)|x1919-5117|v2006/053, Région du Golfe|w(CaOODSP)9.502624 |
| 856 | 40|ahttp://publications.gc.ca|qPDF|s636 Ko|uhttps://publications.gc.ca/collections/collection_2011/mpo-dfo/Fs70-6-2006-053-fra.pdf|y2006/053, Région du Golfe |